000 00748nam a2200205Ia 4500
003 GCL
008 140319s9999 xx 000 0 ara d
040 _aGCL /
_cGCL
082 0 4 _a811.5
_bو ك
100 1 _aابن وكيع، ابومحمد الحسن بن على
245 1 0 _aكتاب المنصف للسارق والمسروق منه فى اظهار سرقات الى الطيب المتنبى /
_cابن وكيع، ابومحمد الحسن بن على
700 1 _aمحمد يوسف نجم
260 _a[S.N] :
_bدار صادر ،
_c1992
490 _a
650 0 4 _aالشعر العربى
650 0 4 _aالادب العربى
650 0 4 _aالمتنبى, ابو الطيب
650 0 4 _aتاريخ ونقد
942 _2ddc
_cBK
999 _c31510
_d31510